000 002450000a22000970004500
100 1 _aMíguez Bonino, José
245 1 0 _aLa actitud evangélica
300 _aVol. 3, Núm 4 (1995), Páginas 14-16
773 0 _tTextos para la acción
942 _cANA
999 _c53245
_d53245